000 00466cam a2200181ua 4500
041 _aeng
_h
082 _a620.1
_bHOU/AP
100 _aHouser, George W.
245 _aApplied mechanics statics /
_cGeorge W Housner.
_hTextual Documents
250 _a2 /
_b.
260 _aNew Delhi :
_bAffiliated East West Press Pvt Ltd ,
_c1962.
300 _a277 ; .
504 _a
650 _aMechanics
700 1 _aHudson, Donald E.
942 _cBK
999 _c212
_d212